Reinforcement Learning

Saved in:
Bibliographic Details
Main Author: Sutton & Barto
Format: Book
Published: MIT
Subjects:
AI
Tags: Add Tag
No Tags, Be the first to tag this record!

MARC

LEADER 00000nam a2200000Ia 4500
005 20260427112730.0
526 |b Data Science 
100 |a Sutton & Barto 
020 |a 9780262039246 
650 |a AI 
526 |a Bachelors 
942 |c BK 
245 |a Reinforcement Learning 
260 |b MIT 
999 |c 129  |d 129 
952 |0 0  |1 0  |4 0  |7 0  |8 2  |a BRISTOL  |b BRISTOL  |d 2026-04-22  |l 0  |p 000072  |r 2026-04-27 11:27:31  |w 2026-04-27  |y BK